Normal view
MARC view
Entry Uniform Title
001 - CONTROL NUMBER
- control field: 843
003 - CONTROL NUMBER IDENTIFIER
- control field: BD-RjUL
005 - DATE AND TIME OF LATEST TRANSACTION
- control field: 20220120123737.0
008 - FIXED-LENGTH DATA ELEMENTS
- fixed length control field: 220120|| aca||aabn | a|a d
040 ## - CATALOGING SOURCE
- Original cataloging agency: BD-RjUL
- Transcribing agency: BD-RjUL
130 ## - HEADING--UNIFORM TITLE
- Uniform title: Silsilat Islāmīyat al-maʻrifah
670 ## - SOURCE DATA FOUND
- Source citation: Work cat.: (BD-RjUL)79235: ʻAlwānī, Ṭāhā Jābir Fayyāḍ ;; .العلواني ، طه جابر فياض . 842, Iṣlāḥ al-fikr al-Islāmī bayna al-qudrāt wa-al-ʻaqabāt :, 1995